Microprocessors: Theory and App: Intel and Motorola (Record no. 81)

MARC details
000 -LEADER
fixed length control field 00405nam a22001577a 4500
005 - DATE AND TIME OF LATEST TRANSACTION
control field 20180203110710.0
008 - FIXED-LENGTH DATA ELEMENTS--GENERAL INFORMATION
fixed length control field 160427b xxu||||| |||| 00| 0 eng d
020 ## - INTERNATIONAL STANDARD BOOK NUMBER
ISBN 81-203-04848-4
041 ## - LANGUAGE CODE
Language code of text/sound track or separate title eng
082 ## - DEWEY DECIMAL CLASSIFICATION NUMBER
Item number 00240
Classification number 004.165
100 ## - MAIN ENTRY--AUTHOR NAME
Personal name Rafiquzzaman, M
245 ## - TITLE STATEMENT
Title Microprocessors: Theory and App: Intel and Motorola
260 ## - PUBLICATION, DISTRIBUTION, ETC. (IMPRINT)
Place of publication New Delhi
Name of publisher PHI Pvt Ltd.
Year of publication 2003
300 ## - PHYSICAL DESCRIPTION
Number of Pages 468
942 ## - ADDED ENTRY ELEMENTS (KOHA)
Koha item type Books
Holdings
Lost status Damaged status Collection code Home library Current library Shelving location Date acquired Cost, normal purchase price Full call number Accession Number Koha item type
    CS/IT JRU Library JRU Library SHELF-49-A 27/04/2016 250.00 00240 00240 Books
    CS/IT JRU Library JRU Library SHELF-49-A 27/04/2016 250.00 00240 00241 Books
    CS/IT JRU Library JRU Library SHELF-49-A 27/04/2016 250.00 00240 00242 Books
    CS/IT JRU Library JRU Library SHELF-49-A 27/04/2016 250.00 00240 00243 Books